Lecture notes on nilpotent groups /
Guardado en:
| Autor Principal: | |
|---|---|
| Formato: | Libro |
| Idioma: | English |
| Publicado: |
Providence, R.I. :
published for the Conference Board of the Mathematical Sciences by American Mathematical Society,
c1971.
|
| Series: | Regional conference series in mathematics ;
no. 2 |
| Etiquetas: |
Agregar Etiqueta
Sin Etiquetas, Sea el primero en etiquetar este registro!
|
| LEADER | 01141cam a22002175a 4500 | ||
|---|---|---|---|
| 001 | MAT.inmabb002333 | ||
| 008 | 710414s1971####riu######b####000#0#eng#d | ||
| 005 | 20130225105801.0 | ||
| 245 | 1 | 0 | |a Lecture notes on nilpotent groups / |c by Gilbert Baumslag. |
| 260 | |a Providence, R.I. : |b published for the Conference Board of the Mathematical Sciences by American Mathematical Society, |c c1971. | ||
| 300 | |a vii, 73 p. ; |c 26 cm. | ||
| 440 | 0 | |a Regional conference series in mathematics ; |v no. 2 | |
| 500 | |a "Expository lectures from the CBMS regional conference held at the University of Texas, Austin, Texas, May 26-30, 1969." | ||
| 505 | 8 | |a Capítulos: 0. Basic notions and results -- 1. Algorithmic problems for finitely generated nilpotent groups -- 2. Residual properties and some applications -- 3. Lie and associative ring techniques and the commutator calculus -- 4. Lie group techniques -- 5. Miscellaneous topics. | |
| 504 | |a Bibliografía: p. 68-73. | ||
| 510 | 4 | |a MR, |c 44 #315 | |
| 020 | |z 0821816510 | ||
| 100 | 1 | |a Baumslag, Gilbert. | |
| 084 | |a 20D15 (22E25) |2 msc2000 | ||
| 010 | |a 78145636 | ||
| 859 | |h 20 |i B348 |p A-4014 |b BIB. MATEMATICA | ||
